000 00807nam a2200181 a 4500
008 170111s2013 ||||||||||||||||| || u
020 _a9781446270448
050 _aH 62 Cas
100 _aByrne, David
245 1 4 _aThe SAGE handbook of case-based methods
_cedited by David Byrne and Charles C. Ragin
260 _aLos Angeles:
_bSAGE Publications Ltd
_c2013
300 _axvii, 542p.: ill.
650 0 _aRESEARCH--METHODOLOGY
650 _aCASE STUDY RESEARCH
700 _aRagin, Charles C
995 _aMAIN LIBRARY OPEN ACCESS
_e747543
_FCBU-MAIN LIBRARY (Kitwe)
_jH 62 Cas
_M1
_UAVAILABLE
_WJan 24, 2017
_y747543
_ZMain Library Open Access Collection
995 _aMAIN LIBRARY OPEN ACCESS
_e747544
_FCBU-MAIN LIBRARY (Kitwe)
_jH 62 Cas
_M2
_UAVAILABLE
_WJan 24, 2017
_y747544
_ZMain Library Open Access Collection
999 _c80300
_d80300